|
|
|
|
| LEADER |
00000cam a2200000 7i4500 |
| 001 |
0000004940 |
| 005 |
20081120.0 |
| 008 |
070731 |
| 020 |
|
|
|a 9833449212(set)
|
| 020 |
|
|
|a 9833449255
|
| 090 |
0 |
0 |
|a JF
|b MAL
|
| 100 |
0 |
|
|a Hashim Latiff
|
| 245 |
1 |
0 |
|a Tinggi hati
|c Hashim Latiff
|
| 260 |
|
|
|a Selangor :
|b Pustaka Buana ,
|c 2006
|
| 440 |
|
|
|a Siri novel peribahasa
|
| 650 |
|
0 |
|a Malay
|x Languages
|
| 999 |
|
|
|a 0000919406
|b Book
|c Children Collection
|e Cawangan Bukit Gambir
|
| 999 |
|
|
|a 0000919407
|b Book
|c Children Collection
|e Cawangan Bukit Gambir
|
| 999 |
|
|
|a 0000919408
|b Book
|c Children Collection
|e Cawangan Bukit Gambir
|
| 999 |
|
|
|a 0000927447
|b Book
|c Children Collection
|e Cawangan Tangkak
|
| 999 |
|
|
|a 0000927448
|b Book
|c Children Collection
|e Cawangan Tangkak
|
| 999 |
|
|
|a 0000927449
|b Book
|c Children Collection
|e Cawangan Tangkak
|
| 999 |
|
|
|a 0000974913
|b Book
|c Children Collection
|e Cawangan Tangkak
|
| 999 |
|
|
|a 0000984113
|b Book
|c Children Collection
|e Cawangan Bandar Tenggara
|
| 999 |
|
|
|a 0000984114
|b Book
|c Children Collection
|e Cawangan Bukit Gambir
|
| 999 |
|
|
|a 0000984115
|b Book
|c Children Collection
|e Cawangan Taman Universiti
|
| 999 |
|
|
|a 0000984116
|b Book
|c Children Collection
|e Perbadanan Perpustakaan Awam Johor
|
| 999 |
|
|
|a 0001148345
|b Book
|c Children Collection
|e Cawangan Taman Universiti
|
| 999 |
|
|
|a 0001148346
|b Book
|c Children Collection
|e Cawangan Segamat
|